000 00810nam 22002173 4500
001 198431
010 _a972-564-578-2
021 _aPT
_b197117/03
090 _a198431
100 _a20251015d u||y0pory50 ba
200 _aJosefa em Óbidos
_fVítor Serrão
210 _aLisboa
_cQuetzal
_d2003
215 _a111 p.
_cil. ; encadernado
_d19 cm
300 _atextos bilíngue : português e inglês. Josefa de Óbidos 1(630-1684), foi uma pintora do Barroco português reconhecida principalmente por suas obras de temática religiosa e suas naturezas-mortas.
606 _92477
_aPintura
_xPintores
610 _aJosefa de Óbidos vida e obra
675 _a75
_vPT
_zpor
700 _95150
_aSerrão
_bVitor Manuel Guimarães Veríssimo Serrão
_f1952-
801 _aPT
_bBMMN
_gRPC
830 _cVanda
990 _cLIVROS